书目信息 |
| 题名: |
借款、融资租赁、保险合同诉讼实务
|
|
| 作者: | 马正良 , 马正良 编著 | |
| 分册: | ||
| 出版信息: | 广州 广东经济出版社 2002.05 |
|
| 页数: | 207页 | |
| 开本: | 20cm | |
| 丛书名: | 民事诉讼实务丛书 | |
| 单 册: | ||
| 中图分类: | D925.104 | |
| 科图分类: | ||
| 主题词: | 保险合同--民事诉讼--基本知识--中国 , 融资--租赁--合同--民事诉讼--基本知识--中国 , 借贷--合同--民事诉讼--基本知识--中国 | |
| 电子资源: | ||
| ISBN: | 7-80677-203-0 | |
| 000 | 01145nam 2200277 450 | |
| 001 | 192004001822 | |
| 005 | 20070912152326.26 | |
| 010 | @a7-80677-203-0@dCNY14.00 | |
| 100 | @a20070531d2002 ekmy0chiy0121 ea | |
| 101 | 0 | @achi |
| 102 | @aCN@b440000 | |
| 105 | @ay zn 000yy | |
| 200 | 1 | @a借款、融资租赁、保险合同诉讼实务@Ajie kuan、 rong zi zu lin、 bao xian ge tong su song shi wu@f马正良等编著@Fma zheng liang deng bian zhu |
| 210 | @a广州@c广东经济出版社@d2002.05 | |
| 215 | @a207页@d20cm | |
| 225 | 2 | @a民事诉讼实务丛书@Amin shi su song shi wu cong shu |
| 330 | @a本书共有三编二十章,对借款合同、融资租赁合同及保险合同的基本知识、基本理论作系统介绍的基础上,通过对借款合同、融资租赁合同及保险合同纠纷成因的分析,提出了借款合同、融资租赁合同和保险合同纠纷的解决对策。 | |
| 410 | 0 | @12001 @a民事诉讼实务丛书 |
| 606 | 0 | @a保险合同@x民事诉讼@x基本知识@y中国 |
| 606 | 0 | @a融资@x租赁@x合同@x民事诉讼@x基本知识@y中国 |
| 606 | 0 | @a借贷@x合同@x民事诉讼@x基本知识@y中国 |
| 690 | @aD925.104@v4 | |
| 701 | 0 | @a马正良@Ama zheng liang@4编著 |
| 701 | 0 | @a马正良@Ama zheng liang@4编著 |
| 801 | 0 | @aCN@c20070912 |
| 905 | @dD925.104@eM244 | |
| 借款、融资租赁、保险合同诉讼实务/马正良等编著.-广州:广东经济出版社,2002.05 |
| 207页;20cm.-(民事诉讼实务丛书) |
| ISBN 7-80677-203-0:CNY14.00 |
| 本书共有三编二十章,对借款合同、融资租赁合同及保险合同的基本知识、基本理论作系统介绍的基础上,通过对借款合同、融资租赁合同及保险合同纠纷成因的分析,提出了借款合同、融资租赁合同和保险合同纠纷的解决对策。 |
| ● |
| 相关链接 |
|
|
|
正题名:借款、融资租赁、保险合同诉讼实务
索取号:D925.104/M244
 
预约/预借
| 序号 | 登录号 | 条形码 | 馆藏地/架位号 | 状态 | 备注 |
| 1 | 624970 | 206249709 | 社科库509/509社科库 100排2列4层/ [索取号:D925.104/M244] | 在馆 | |
| 2 | 624971 | 206249718 | 社科库509/509社科库 100排2列4层/ [索取号:D925.104/M244] | 在馆 | |
| 3 | 624972 | 206249727 | 社科库509/509社科库 100排2列4层/ [索取号:D925.104/M244] | 在馆 |